Wooden planks minecraft Quiz Stats

 Plays Quiz not verified by Sporcle

Challenge
Share
Tweet
Embed
Score 0/22 Timer 10:00
0 Plays Today
type answer % Correct
blockcrafting table
77.4%
itemsticks
74.2%
weaponwooden sword
71%
blockwooden door
67.7%
toolwooden axe
67.7%
toolwooden pickaxe
67.7%
toolwooden shovel
61.3%
toolwooden hoe
61.3%
blockchest
51.6%
blocktrapdoor
48.4%
blockwooden stairs
45.2%
type answer % Correct
blockwooden pressure plate
38.7%
entityboat
35.5%
blocksign
29%
blockwooden slabs
25.8%
blockpiston
25.8%
blockbookshelf
22.6%
blockfence gate
19.4%
blocknote block
19.4%
itembowls
16.1%
blockbed
16.1%
blockjuke block
0%

You're not logged in!

Compare scores with friends on all Sporcle quizzes.
OR
Log In

You Might Also Like...

Show Comments

Extras

Created May 30, 2012ReportNominate
Tags:Minecraft Quiz, amount, object, wooden

Top Quizzes Today


Score Distribution

Your Account Isn't Verified!

In order to create a playlist on Sporcle, you need to verify the email address you used during registration. Go to your Sporcle Settings to finish the process.

Report this User

Report this user for behavior that violates our Community Guidelines.

Details: